000 00389 a2200169 4500
001 46172
020 _a978-85-50815810-2
040 _cAnchieta - Aquarius
100 _aMachado, Ana Maria
240 1 0 _aAvental que o vento leva
_lpor
245 1 0 _aAvental que o vento leva
300 _a
362 0 _a2012
440 1 _aÁtica
650 4 _aLiteratura infanto-juvenil
942 _cBK
999 _c46172
_d46172